000 00999nam a2200253Ia 4500
003 OSt
005 20220923211942.0
006 a|||||r|||| 00| 0
007 ta
008 220922b |||||||| |||| 00| 0 hin d
024 _a75,202
037 _cTextual
040 _aARTS
_cARTS
_bhin
041 _2hin
_ahin
082 _aR625x7,1, 152L8
100 _aविश्वनाथ
_9156277
245 0 _aन्यायसिद्धान्तमुक्तावली, गजानन शास्त्री व्ययख्या
246 _aNyāyasiddhāntamuktāvalī, gajānan shāstrī vyayakhyā0
260 _aवाराणसी
_b चौखम्बा सुरभारती प्रकाशन
_c1978
490 _aचौखम्बा सुरभारती ग्रन्थमाला; 34
650 _aभारतीय दर्शन
942 _hR625x7,1, 152L8
_cTEXL
_2CC
999 _c304867
_d304867